000 00328nab a22001097u 4500
008 130520b1989 xxu||||| |||| 00| 0 spa d
041 _aspa
100 1 _aBaum, Gregory
_919521
245 0 0 _aLa carta apostólica "Mulieris dignitatem"
_cGregory Baum
773 0 _tConcilium
_gV.2,1989,págs.487-403
_x0210-1041
_wRev134
942 _cAR
999 _c355482
_d355482